LEADER 01028nam0-2200289---450- 001 990009225610403321 005 20100921123149.0 035 $a000922561 035 $aFED01000922561 035 $a(Aleph)000922561FED01 035 $a000922561 100 $a20100921d1981----km-y0itay50------ba 101 0 $aita 102 $aIT 200 1 $aFonetica e fonologia della lingua italiana$esviluppo delle abilità linguistiche di base$e(comprendere, parlare, leggere, scrivere)$fAntonio Batinti, Lidia Costamagna 210 $aPerugia$cGuerra$d1981 215 $aXVI, 177 p.$d24 cm 300 $aIn testa al frontespizio: C.I.L.A. Centro Italiano di Linguistica Applicata, Sezione didattica dell'italiano all'estero 700 1$aBatinti,$bAntonio$0220811 701 1$aCostamagna,$bLidia$f<1954- >$0325417 801 0$aIT$bUNINA$gRICA$2UNIMARC 901 $aBK 912 $a990009225610403321 952 $aD B 29$b1030$fNAP12 959 $aNAP12 996 $aFonetica e fonologia della lingua italiana$9776296 997 $aUNINA LEADER 01697nam 2200457I 450 001 9910709683803321 005 20180522133832.0 035 $a(CKB)5470000002471395 035 $a(OCoLC)1037018754 035 $a(EXLCZ)995470000002471395 100 $a20180522j198309 ua 0 101 0 $aeng 135 $aur||||||||||| 181 $ctxt$2rdacontent 182 $cc$2rdamedia 183 $acr$2rdacarrier 200 10$aComputation of potential flows with embedded vortex rings and applications to helicopter rotor wakes /$fThomas W. Roberts 210 1$a[Washington, D.C.] :$cNational Aeronautics and Space Administration,$dSeptember 1983. 215 $a1 online resource (98 pages) $cillustrations 225 1 $aNASA/CR ;$v166542 300 $a"September 1983." 320 $aIncludes bibliographical references (pages 51-52). 606 $aPotential flow$2nasat 606 $aComputational fluid dynamics$2nasat 606 $aComputational grids$2nasat 606 $aRotary wings$2nasat 606 $aFinite difference theory$2nasat 615 7$aPotential flow. 615 7$aComputational fluid dynamics. 615 7$aComputational grids. 615 7$aRotary wings. 615 7$aFinite difference theory. 700 $aRoberts$b Thomas W.$01412257 712 02$aUnited States.$bNational Aeronautics and Space Administration, 712 02$aMassachusetts Institute of Technology.$bDepartment of Aeronautics and Astronautics. 801 0$bGPO 801 1$bGPO 906 $aBOOK 912 $a9910709683803321 996 $aComputation of potential flows with embedded vortex rings and applications to helicopter rotor wakes$93505239 997 $aUNINA